| 000 | 004830000a22001930004500 | ||
|---|---|---|---|
| 001 | 004134 | ||
| 003 | MACL | ||
| 005 | 20150729143656.0 | ||
| 008 | 150729b xxu||||| |||| 00| 0 eng d | ||
| 040 |
_aMACL _cMACL |
||
| 041 | _aEnglish | ||
| 082 | _a333.706/GUP | ||
| 100 |
_aGupta, K.C. _93197 |
||
| 245 |
_aEnergy And Environment In India _cK.C. Gupta |
||
| 260 |
_aNew Delhi _c2002 _bGyan Publishing House, |
||
| 350 | _a690 | ||
| 650 |
_aEconomics _93198 |
||
| 942 |
_k334 _cBK _2ddc |
||
| 999 |
_c16025 _d16025 |
||